|
|
|
|
| LEADER |
00936nam a2200277 a 4500 |
| 001 |
GR-Patra13806 |
| 008 |
001025s1992 nyu e 000 b eng d |
| 020 |
|
|
|a 0071577475
|
| 040 |
|
|
|a GrPaTEI
|b gre
|c GR-PaULI
|
| 040 |
|
|
|a GrPaTEI
|b gre
|c GR-PaULI
|
| 082 |
|
0 |
|a 629.1323
|2 21
|
| 245 |
0 |
4 |
|a The illustrated guide to Aerodymamics /
|c H.C. "Skip" Smith.
|
| 250 |
|
|
|a 2nd
|
| 260 |
|
|
|a New York :
|b Tab Books,
|c c1992
|
| 300 |
|
|
|a xiv, 337σ.
|
| 504 |
|
|
|a Bibliography: p.327-328
|
| 650 |
|
0 |
|a AERODYNAMICS
|
| 650 |
|
0 |
|a ENGINEERING
|
| 650 |
|
4 |
|a ΑΕΡΟΔΥΝΑΜΙΚΗ
|
| 650 |
|
4 |
|a ΜΗΧΑΝΙΚΗ
|
| 700 |
1 |
|
|a SMITH, HUBERT
|
| 710 |
0 |
|
|a TAB books
|
| 942 |
|
|
|2 ddc
|
| 952 |
|
|
|0 0
|1 0
|2 ddc
|4 0
|6 629_132300000000000_SMI
|7 0
|9 292837
|a LISK
|b LISK
|c BSC
|d 2021-01-17
|e 24
|f 1
|g 0.00
|l 0
|o 629.1323 SMI
|p 92410015352
|r 2021-01-17 00:00:00
|t 1
|w 2021-01-17
|y BK15
|x 20001025 0 1
|x GrPaTEI
|
| 971 |
|
|
|a .b26613219
|b 15-04-20
|c 23-09-16
|
| 999 |
|
|
|c 171159
|d 171159
|